Guess The Car Brands - Statistics

General Stats
  • This quiz has been taken 660 times
    637 since last reset
  • The average score is 32 of 60
Answer Stats
Picture Answer % Correct
Ford
100%
Toyota
98%
BMW
84%
Tesla
82%
Honda
81%
Audi
80%
Mercedes-Benz
80%
Jeep
77%
Lamborghini
77%
Volkswagen
76%
Chevrolet
74%
Ferrari
73%
Jaguar
73%
Lexus
73%
Nissan
72%
Kia
71%
Mitsubishi
71%
Porsche
71%
Bentley
69%
Hyundai
69%
Mini
69%
Subaru
68%
Suzuki
67%
Mazda
66%
Citroen
64%
Dodge
64%
Fiat
64%
Peugeot
64%
Land-Rover
63%
Bugatti
62%
Alfa Romeo
61%
McLaren
61%
Renault
60%
Cadillac
58%
Volvo
58%
Infiniti
56%
Skoda
56%
Hummer
54%
Opel
54%
Maserati
51%
Seat
49%
Rolls-Royce
44%
Acura
43%
Smart
43%
Lincoln
37%
Aston Martin
34%
Buick
34%
Chrysler
26%
Dacia
26%
Vauxhall
22%
Abarth
21%
Tata
20%
Lada
19%
Lancia
17%
Iveco
13%
MG
12%
Mahindra
5%
Daewoo
3%
Lotus
3%
Maybach
3%
No matching quizzes found
Score Distribution
Percent of People with Each Score
Percentile by Number Answered
Your Score History
You have not taken this quiz since the last reset